Highest Scoring Games in NCAA Tournament History - Statistics

General Stats
  • This quiz has been taken 170 times
  • The average score is 8 of 12
Answer Stats
Total Score Year Round Teams % Correct
207 104-103 1992 8 Duke | Kentucky
93%
264 149-115 1990 32 Loyola Marymount | Michigan
93%
206 109-97 1987 32 North Carolina | Michigan
91%
220 123-97 1988 32 North Carolina | Loyola Marymount
84%
214 112-102 1994 64 Tulsa | UCLA
68%
206 105-101 2002 32 UCLA | Cincinnati
68%
221 120-101 1989 64 Arkansas | Loyola Marymount
61%
232 131-101 1990 8 UNLV | Loyola Marymount
61%
234 119-115 1988 64 Loyola Marymount | Wyoming
55%
206 108-98 1988 16 Oklahoma | Louisville
45%
207 121-86 2007 64 Tennessee | Long Beach State
23%
216 111-105 2005 32 West Virginia | Wake Forest
21%
No matching quizzes found
Score Distribution
Percent of People with Each Score
Percentile by Number Answered
Your Score History
You have not taken this quiz